=LDR 00000nam 2200000 4500 =001 INLIS000000000032806 =005 20140621135935.0 =006 =007 =008 ind =035 ##$$a 0010-061300000032806 =041 ##$$a ind =082 ##$$a F Rom K =090 ##$$a F Rom K, Hoe m =100 ##$$a Hoeye, Michael =245 ##$$a Misteri di Gunung Tenlabonari, Michael Hoeye; Penerjemah, Danny Raharto dan Rahmani Astuti =260 ##$$a 2006 $b Bandung =300 ##$$a 273 hlm., 23 cm =650 ##$$a Fiksi Dewasa =700 ##$$a Rahmanto,Danny =850 ##$$a NBPNMAT =990 ##$$a 0001/BPAP-NTB/20142014 =990 ##$$a 0001/BPAP-NTB/20142014